What produces economic success? /

Guardado en:
Bibliografiske detaljer
Hovedforfatter: Rodrik, Dani
Format: Texto
Tags: Tilføj Tag
Ingen Tags, Vær først til at tagge denne postø!

MARC

LEADER 00000 a a2200000 04500
001 39963
003
040
100 |a Rodrik, Dani  
245 |a What produces economic success? /  |c Dani Rodrik 
773 |g 27-43 páginas  
999 |c 24561  |d 24561